Etre et agir dans la philosophie de Saint Thomas
Saved in:
| Hovedforfatter: | |
|---|---|
| Format: | Bog |
| Sprog: | fransk |
| Udgivet: |
Roma
Presses de l'université Grégorienne
1965
|
| Udgivelse: | 3a. ed |
| Fag: | |
| Tags: |
Tilføj Tag
Ingen Tags, Vær først til at tagge denne postø!
|
MARC
| LEADER | 00000nam a2200000 a 4500 | ||
|---|---|---|---|
| 001 | UCX2544 | ||
| 003 | CL-VaPUC | ||
| 008 | 910618e19650000IT |||||||||||||||||fre|d | ||
| 082 | 0 | 4 | |a 189.4 |b FIN |2 21 |
| 100 | 0 | |a Finance, Joseph de |e author |9 318496 | |
| 245 | 1 | 0 | |a Etre et agir dans la philosophie de Saint Thomas |
| 250 | |a 3a. ed | ||
| 300 | |a 381 p | ||
| 942 | |c BK | ||
| 945 | |d 19910618 00:00:00 | ||
| 260 | |a Roma |b Presses de l'université Grégorienne |c 1965 | ||
| 600 | 0 | |a Tomás de Aquino |d 1220-1274 |c Santo |9 255832 | |
| 650 | 0 | |a Tomismo |9 259214 | |
| 583 | |a last modification |c 19910618 00:00:00 |k Rodrigo Vera | ||
| 999 | |c 223539 |d 223537 | ||
| 952 | |0 0 |1 0 |4 0 |6 189_400000000000000_FIN_1965 |7 0 |8 P |9 219454 |a BIBEDU |b BIBEDU |c BIBEDU_PB |d 2019-11-15 |i 2881802 |o 189.4 FIN 1965 |p 2881802 |r 2024-01-25 |w 2019-11-15 |y BK |k FIL | ||